000 00377nam a2200157Ia 4500
005 20240807062627.0
008 240806s9999||||xx |||||||||||||| ||eng||
041 _aeng
082 _a294.59214
_bBHAY
100 _aShri Satvalekar
245 0 _aMaitrayani sanhita /
_cShri Satvalekar
260 _bBharat Mudralaya Mumbai
300 _a0
650 _aSanskrit
942 _cBK
999 _c24607
_d24607